5HLuxD.jpg

KING HENRY VIII SENIOR AND PRIMARY SCHOOL LIBRARY OPAC

BEST DRESSED (Record no. 2153)

000 -LEADER
fixed length control field 00627nam a22002057a 4500
005 - DATE AND TIME OF LATEST TRANSACTION
control field 20230314075207.0
008 - FIXED-LENGTH DATA ELEMENTS--GENERAL INFORMATION
fixed length control field 230314b ||||| |||| 00| 0 eng d
020 ## - INTERNATIONAL STANDARD BOOK NUMBER
International Standard Book Number 9789671614808
040 ## - CATALOGING SOURCE
Transcribing agency KH8
082 ## - DEWEY DECIMAL CLASSIFICATION NUMBER
Classification number 823.92 SOO
100 ## - MAIN ENTRY--PERSONAL NAME
Personal name Soo, Sian Lim
Relator term author.
245 ## - TITLE STATEMENT
Title BEST DRESSED
Statement of responsibility, etc. Written by Soo Sian Lim
260 ## - PUBLICATION, DISTRIBUTION, ETC.
Place of publication, distribution, etc. Malaysia
Name of publisher, distributor, etc. Soo Sian Lim
Date of publication, distribution, etc. 2018
300 ## - PHYSICAL DESCRIPTION
Extent 23 unnumbered pages :
Other physical details colour illustrations ;
Dimensions 30 cm
650 ## - SUBJECT ADDED ENTRY--TOPICAL TERM
Topical term or geographic name entry element Children's stories, Malaysian (English)
650 ## - SUBJECT ADDED ENTRY--TOPICAL TERM
Topical term or geographic name entry element Malaysian fiction (English)
650 ## - SUBJECT ADDED ENTRY--TOPICAL TERM
Topical term or geographic name entry element Animals
General subdivision fiction
700 ## - ADDED ENTRY--PERSONAL NAME
Personal name Koh, Wendy Hui Yi
Relator term illustrator
942 ## - ADDED ENTRY ELEMENTS (KOHA)
Source of classification or shelving scheme
Koha item type Books - Non Ficton
Holdings
Withdrawn status Lost status Source of classification or shelving scheme Damaged status Not for loan Collection code Permanent Location Current Location Shelving location Date acquired Total Checkouts Full call number Barcode Date due Date last seen Date last checked out Price effective from Koha item type Total Renewals Public note
          Non-Fiction KH8 Primary School Library KH8 Primary School Library Non Fiction 2023-03-14 3 823.92 SOO KHPL000003885 2023-05-23 2023-05-12 2023-05-12 2023-03-14 Books - Non Ficton    
          Non-Fiction KH8 Primary School Library KH8 Primary School Library Non Fiction 2023-03-14 1 823.92 SOO KHPL000003886   2025-12-05 2023-03-24 2023-03-14 Books - Non Ficton    
          Non-Fiction KH8 Primary School Library KH8 Primary School Library Non Fiction 2023-03-14 15 823.92 SOO KHPL000003887   2025-12-05 2025-04-21 2023-03-14 Books - Non Ficton    
          Non-Fiction KH8 Primary School Library KH8 Primary School Library Non Fiction 2023-03-14 4 823.92 SOO KHPL000003888   2025-12-05 2023-09-22 2023-03-14 Books - Non Ficton    
          Non-Fiction KH8 Primary School Library KH8 Primary School Library Non Fiction 2023-03-14 19 823.92 SOO KHPL000003889   2025-12-05 2025-06-06 2023-03-14 Books - Non Ficton 2  
          Non-Fiction KH8 Primary School Library KH8 Primary School Library Non Fiction 2023-03-14 11 823.92 SOO KHPL000003890   2025-12-05 2025-10-07 2023-03-14 Books - Non Ficton    
          Non-Fiction KH8 Primary School Library KH8 Primary School Library Non Fiction 2023-03-14 24 823.92 SOO KHPL000003891   2026-01-27 2026-01-20 2023-03-14 Books - Non Ficton    
          Non-Fiction KH8 Primary School Library KH8 Primary School Library Non Fiction 2023-03-14 4 823.92 SOO KHPL000006365   2026-03-04 2026-02-25 2023-03-14 Books - Non Ficton   KH8 PRIMARY LIBRARY

Powered By KH8 IT Dept